March Madness Champions - Statistics

General Stats
  • This quiz has been taken 111 times
    82 since last reset
  • The average score is 26 of 84
Answer Stats
Year Answer City Held % Correct
2023 UConn Houston, Texas
97%
2021 Baylor Indianapolis, Indiana
84%
2022 Kansas New Orleans, Louisiana
81%
2017 North Carolina Glendale, Arizona
72%
2016 Villanova Houston, Texas
72%
2018 Villanova San Antonio, Texas
69%
2019 Virginia Minneapolis, Minnesota
69%
2015 Duke Indianapolis, Indiana
66%
2012 Kentucky New Orleans, Louisiana
60%
2009 North Carolina Detroit, Michigan
59%
2014 UConn Arlington, Texas
59%
2007 Florida Atlanta, Georgia
57%
2006 Florida Indianapolis, Indiana
57%
2011 UConn Houston, Texas
54%
2005 North Carolina St. Louis, Missouri
53%
2010 Duke Indianapolis, Indiana
51%
2013 Louisville Atlanta Georgia
49%
2008 Kansas San Antonio, Texas
47%
2003 Syracuse New Orleans, Louisiana
47%
1969 UCLA Louisville, Kentucky
44%
1968 UCLA Los Angeles, California
44%
1967 UCLA Louisville, Kentucky
44%
1965 UCLA Portland, Oregon
44%
1964 UCLA Kansas City, Missouri
44%
1973 UCLA St. Louis, Missouri
43%
1972 UCLA Los Angeles, California
43%
1971 UCLA Houston, Texas
43%
1970 UCLA College Park, Maryland
43%
2004 UConn San Antonio, Texas
43%
2000 Michigan St. Indianapolis, Indiana
41%
1993 North Carolina New Orleans, Louisiana
40%
1998 Kentucky San Antonio, Texas
37%
1982 North Carolina New Orleans, Louisiana
35%
2001 Duke Minneapolis, Minnesota
34%
1996 Kentucky East Rutherford, New Jersey
34%
1992 Duke Minneapolis, Minnesota
32%
1991 Duke Indianapolis, Indiana
32%
1979 Michigan St. Salt Lake City, Utah
31%
1975 UCLA San Diego, California
31%
1999 UConn St. Petersburg, Florida
31%
2002 Maryland Atlanta, Georgia
29%
1988 Kansas Kansas City, Missouri
28%
1957 North Carolina Kansas City, Missouri
25%
1995 UCLA Seattle, Washington
25%
1983 NC State Albuquerque, New Mexico
22%
1997 Arizona Indianapolis, Indiana
21%
1939 Oregon Evanston, Illinois
21%
1984 Georgetown Seattle, Washington
19%
1987 Indiana New Orleans, Louisiana
19%
1981 Indiana Philadelphia, Pennsylvania
19%
1978 Kentucky St. Louis, Missouri
19%
1958 Kentucky Louisville, Kentucky
19%
1990 UNLV Denver, Colorado
18%
1966 UTEP College Park, Maryland
18%
1985 Villanova Lexington, Kentucky
18%
1994 Arkansas Charlotte, North Carolina
16%
1976 Indiana Philadelphia, Pennsylvania
16%
1951 Kentucky Minneapolis, Minnesota
16%
1952 Kansas Seattle, Washington
15%
1949 Kentucky Seattle, Washington
15%
1948 Kentucky New York City, New York
15%
1989 Michigan Seattle, Washington
15%
1962 Cincinnati Louisville, Kentucky
13%
1961 Cincinnati Kansas City, Missouri
13%
1953 Indiana Kansas City, Missouri
12%
1940 Indiana Kansas City, Missouri
12%
1974 NC State Greensboro, North Carolina
12%
1946 Oklahoma State New York City, New York
12%
1945 Oklahoma State New York City, New York
12%
1947 Holy Cross New York City, New York
10%
1980 Louisville Indianapolis, Indiana
10%
1960 Ohio State Daly City, California
10%
1956 San Francisco Evanston, Illinois
10%
1955 San Francisco Kansas City, Missouri
10%
1986 Louisville Dallas, Texas
9%
1963 Loyola Chicago Louisville Kentucky
9%
1977 Marquette Atlanta, Georgia
9%
1950 CCNY New York City, New York
7%
1941 Wisconsin Kansas City, Missouri
7%
1943 Wyoming New York City, New York
7%
1954 La Salle Kansas City, Missouri
6%
1959 California Louisville, Kentucky
3%
1942 Stanford Kansas City, Missouri
1%
1944 Utah New York City, New York
0%
No matching quizzes found
Score Distribution
Percent of People with Each Score
Percentile by Number Answered
Your Score History
You have not taken this quiz since the last reset